000
00335pab a2200145 454500
008
180718b1985 xxu||||| |||| 00| 0 eng d
100
_a
Dang, Satyapal
245
_a
Some aspects of Punjab Situation
260
_c
1985
300
_a
5-6
362
_a
15 Jun.
650
_a
Punjab - Politics
773
_a
Mainstream
909
_a
16812
999
_c
16812
_d
16812